Climate Change 2014: Impacts, Adaptation, And Vulnerability Part B: Regional Aspects (Registro nro. 235344)
[ vista simple ]
| 000 -LEADER | |
|---|---|
| campo de control de longitud fija | 00687nam a2200217Ia 4500 |
| 005 - FECHA Y HORA DE LA ÚLTIMA TRANSACCIÓN | |
| campo de control | 20250425162731.0 |
| 008 - DATOS DE LONGITUD FIJA--INFORMACIÓN GENERAL | |
| campo de control de longitud fija | 250425s9999 xx 000 0 und d |
| 020 ## - NÚMERO INTERNACIONAL ESTÁNDAR DEL LIBRO | |
| Número Internacional Estándar del Libro | 9781107683860 |
| 041 ## - CÓDIGO DE IDIOMA | |
| Código de lengua del texto/banda sonora o título independiente | eng |
| 082 ## - NÚMERO DE LA CLASIFICACIÓN DECIMAL DEWEY | |
| Número de clasificación | 551.5 |
| Iniciales del Autor | BAR |
| 010 ## - NÚMERO DE CONTROL DE LA BIBLIOTECA DEL CONGRESO | |
| Número de control de LC | 103923 |
| 100 ## - ENTRADA PRINCIPAL--NOMBRE DE PERSONA | |
| Nombre de persona | Barros, Vicente R. |
| 245 #0 - MENCIÓN DEL TÍTULO | |
| Título | Climate Change 2014: Impacts, Adaptation, And Vulnerability Part B: Regional Aspects |
| Mención de responsabilidad, etc. | Vicente R. Barros; Christopher B. Field |
| 250 ## - MENCION DE EDICION | |
| Mención de edición | Primera edición |
| 260 ## - PUBLICACIÓN, DISTRIBUCIÓN, ETC. | |
| Lugar de publicación, distribución, etc. | New York |
| Nombre del editor, distribuidor, etc. | Cambridge University Press |
| Fecha de publicación, distribución, etc. | 2014 |
| 300 ## - DESCRIPCIÓN FÍSICA | |
| Extensión | 1820 p. |
| Otras características físicas | ilustrado |
| Dimensiones | 27.9 cm. |
| 500 ## - NOTA GENERAL | |
| Nota general | Contenido, anexos |
| 650 ## - PUNTO DE ACCESO ADICIONAL DE MATERIA--TÉRMINO DE MATERIA | |
| Término de materia o nombre geográfico como elemento de entrada | Cambio Climático |
| 700 ## - ENTRADA AGREGADA--NOMBRE PERSONAL | |
| Nombre de persona | Field, Christopher B. |
| Término indicativo de función/relación | Coautor |
| 942 ## - ELEMENTOS DE ENTRADA SECUNDARIOS (KOHA) | |
| Tipo de ítem Koha | Libros |
| Estatus retirado | Estado de pérdida | Estado de daño | No para préstamo | Biblioteca de origen | Biblioteca actual | Fecha de adquisición | Coste, precio normal de compra | Etiqueta RFID | Total de préstamos | Código de barras | Copia número | Tipo de ítem Koha |
|---|---|---|---|---|---|---|---|---|---|---|---|---|
| CENTRO DE INFORMACIÓN BIBLIOTECARIA | CENTRO DE INFORMACIÓN BIBLIOTECARIA | 26/07/2017 | 4.00 | 0000000000000000037656 | D-76522 | 1 | Libros |